Normal view
MARC view
- FAMILY MEDICINE-STUDY AND TEACHING
Entry Topical Term
001 - CONTROL NUMBER
- control field: 80808
003 - CONTROL NUMBER IDENTIFIER
- control field: NUST
005 - DATE AND TIME OF LATEST TRANSACTION
- control field: 20210628210737.0
008 - FIXED-LENGTH DATA ELEMENTS
- fixed length control field: 210628|| aca||aabn | a|a d
040 ## - CATALOGING SOURCE
- Original cataloging agency: NUST
- Transcribing agency: NUST
150 ## - HEADING--TOPICAL TERM
- Topical term or geographic name entry element: FAMILY MEDICINE-STUDY AND TEACHING
670 ## - SOURCE DATA FOUND
- Source citation: Work cat.: (NUST): Hasler, John Mcintyre, Donald Flew, Richard 80807, Professional education for general practice, 1995
